Les 15 plus grandes villes d'Arabie Saoudite - Carte - Statistiques

Statistiques générales
  • Ce quiz a été pris 118 fois
  • Le résultat moyen est 5 sur 15
Réponses sur la Carte
Les réponses sont colorées sur une échelle allant du rouge au vert en fonction du pourcentage des utilisateurs qui les ont devinées à leur premier essai. Vous pouvez retrouver ces pourcentages ci-dessous.
 
Statistiques - réponses
Population Ville % Correct
5,190,000 Riyad
100%
1,530,000 La Mecque
91%
3,430,000 Djeddah
86%
1,100,000 Médine
80%
900,000 Dammam
53%
580,000 Taïf
28%
300,000 Najran
20%
510,000 Tabouk
20%
310,000 Haïl
11%
340,000 Jubayl
8%
470,000 Buraydah
6%
660,000 Hofuf
6%
430,000 Khamis Mushait
6%
270,000 Hafar Al-Batin
3%
240,000 Al-Thuqbah
2%
Aucun quiz correspondant
Distribution des résultats
% des personnes avec chaque résultat
Percentile par nombre de réponses
Votre historique - résultats
Vous n’avez pas pris ce quiz